000 00650nam a2200217Ii 4500
003 JO-AjNU
008 230606s9999||||xx |||||||||||||| ||und||
020 _a978-0-87220-465-2 / 978-0-87220-464-5
040 _aJO-AjNU
_beng
_erda
_cJO-AjNU
041 _aeng
050 1 4 _aB430.A5.N5313.1999
100 3 _aIrwin,Terence/Translated,
_eauthor
_92446
245 0 0 _aAristotle Nicomachean Ethics
250 _aSecond Edition
264 3 1 _aIndiana:Hackett Publishing Company ,1999
300 _a360p
336 _atext
_btxt
_2rdacontent
337 _aunmediated
_bn
_2rdamedia
338 _avolume
_bnc
_2rdacarrier
650 4 _aEthics-Irwin
_92447
999 _aE1281
_c1281
_d1281